Statistics for Biggest cities in Southern Europe (With map)

Click here to take the quiz!

General Stats

  • This quiz has been taken 497 times
    (403 since last reset)
  • The average score is 18 of 20

Answers on the Map

Answers color-coded by a green-red scale on the quiz's map according to % correct below.
 

Answer Stats

CountryCity% Correct
PortugalLisbon
100%
SpainMadrid
100%
ItalyNaples
100%
ItalyRome
100%
ItalyMilan
99%
GreeceAthens
98%
SpainBarcelona
98%
CroatiaZagreb
98%
SerbiaBelgrade
95%
AlbaniaTirana
95%
ItalyTurin
95%
SpainSeville
94%
SpainValencia
94%
ItalyPalermo
92%
North MacedoniaSkopje
90%
ItalyGenoa
87%
SpainMalaga
83%
SpainZaragoza
83%
SpainPalma
80%
SpainMurcia
67%

Score Distribution

Percentile by Number Answered

Percent of People with Each Score

Your Score History

You have not taken this quiz since the last reset